[Event "DEN-chT 1920 58th"]
[Site "Denmark"]
[Date "2020.09.05"]
[Round "8.4"]
[White "Larsen, Jonas Chul Bistrup"]
[Black "Jorgensen, Brian"]
[Result "0-1"]
[WhiteElo "1732"]
[BlackElo "2252"]
[PlyCount "82"]
[EventDate "2019.11.23"]
[EventType "team-tourn"]
[EventRounds "9"]
[EventCountry "DEN"]
[SourceTitle "EXT 2021"]
[Source "ChessBase"]
[SourceDate "2020.10.23"]
[SourceVersion "1"]
[SourceVersionDate "2020.10.23"]
[SourceQuality "1"]
[WhiteTeam "Skanderborg Nordea"]
[BlackTeam "Obro"]
[WhiteTeamCountry "DEN"]
[BlackTeamCountry "DEN"]

1. d4 d6 2. e4 Nf6 3. Bd3 e5 4. c3 Nbd7 5. Ne2 c6 6. 0-0 g6 7. Ng3 Bg7 8. Nd2 0-0 9. Nb3 a5 10. a4 d5 11. Be3 Nxe4 12. Bxe4 dxe4 13. Nxe4 f5 14. Ng5 Qe7 15. dxe5 f4 16. e6 fxe3 17. exd7 e2 18. dxc8N Raxc8 19. Qc1 exf1Q+ 20. Kxf1 Bh6 21. h4 Bxg5 22. Qxg5 Qxg5 23. hxg5 Rf5 24. Rd1 Rcf8 25. f3 Rxg5 26. Rd7 Rf7 27. Rd8+ Kg7 28. Nd4 Rd5 29. Re8 c5 30. Ne6+ Kf6 31. Nf4 Rd2 32. Rc8 Ke5 33. Ne2 Kd6 34. Ng3 Rxb2 35. Ne4+ Ke5 36. Rxc5+ Kf4 37. Rxa5 Ke3 38. Kg1 Rf5 39. Ra8 Rh5 40. Ng3 Rb1+ 41. Nf1+ Rxf1+ 0-1